[Event "Brugse Meesters 2017"]
[Site "Brugge"]
[Date "2017.08.13"]
[Round "2"]
[White "Epishin, Vladimir"]
[Black "Dijkhuis, Oele"]
[Result "1-0"]
[WhiteElo "2541"]
[BlackElo "2033"]
[Annotator "TA"]
[PlyCount "45"]
[EventDate "2017.??.??"]
[EventCountry "BEL"]
[SourceTitle "playchess.com"]
[Source "ChessBase"]
[SourceQuality "1"]

{[%evp 12,45,29,17,24,12,30,10,5,1,0,5,10,6,72,77,127,108,223,219,218,218,277,272,275,255,369,357,736,728,1287,1263,1416,1175,3401,3514]} 1. Nf3 Nf6 2. e3 g6 3. b4 (3. b3 Bg7 4. Bb2 O-O 5. d4 c5 6. d5 b5 7. Be2 Qa5+ 8. c3 Bb7 9. a4 Nxd5 10. axb5 Qb6 11. O-O a6 12. bxa6 Nxa6 13. Qc2 Nab4 {½-½ (84) Nakamura,H (2785)-Grischuk,A (2761) Paris 2017}) 3... d5 4. Bb2 Bg7 5. d4 O-O 6. Nbd2 {A05: Réti Opening: 1 Nf3 Nf6} c6 7. a4 {LiveBook: 5 Games} Nbd7 8. Be2 $146 {White has an edge.} ({Find the theoretical novelty and annotate with similar games:} 8. c4 e6 9. Be2 Ne4 10. Nxe4 dxe4 11. Nd2 f5 12. O-O e5 13. d5 {1-0 (34) Bortnyk,O (2552)-Kovalev,V (2546) Minsk 2015}) 8... a5 9. bxa5 Qxa5 10. O-O Qc7 11. c4 e6 12. Qc2 h5 (12... b6 $11 {remains equal.}) 13. Rfc1 $16 dxc4 14. Nxc4 Re8 (14... b6 $16 {is a better defense.}) 15. a5 $18 Nd5 16. e4 {[%cal Be3e4,Be4e5][%mdl 32]} Nb4 17. Qd2 Na6 18. e5 Bf8 (18... Qd8 $142 19. Nd6 Rf8) 19. Ba3 Bxa3 $2 {[#]} (19... Qd8 20. Bxf8 Nxf8) 20. Rxa3 {White is clearly winning.} Qd8 21. Qh6 Nf8 22. Nd6 Re7 23. Ne4 {Precision: White = 82%, Black = 23%.} 1-0

[Event "Brugse Meesters 2017"]
[Site "Brugge"]
[Date "2017.08.13"]
[Round "2"]
[White "Motwani, Paul"]
[Black "Altea, Alessandro"]
[Result "1-0"]
[WhiteElo "2470"]
[BlackElo "2025"]
[Annotator "TA"]
[PlyCount "55"]
[EventDate "2017.??.??"]
[EventCountry "BEL"]
[SourceTitle "playchess.com"]
[Source "ChessBase"]
[SourceQuality "1"]

{[%evp 25,55,40,60,50,36,-7,105,102,206,208,245,239,347,347,332,187,193,190,177,184,610,596,558,567,1611,1595,1478,1462,29993,29994,29998,29999]} 1. Nf3 Nf6 2. c4 g6 3. Nc3 Bg7 4. e4 d6 5. d4 O-O 6. Be2 e5 7. d5 a5 8. Bg5 h6 9. Be3 Ng4 {E92: King's Indian: Classical: 6 Be2 e5: 7 dxe5, 7 Be3 and Petrosian System without 7...Nbd7} 10. Bd2 f5 11. h3 Nf6 12. exf5 gxf5 13. Qc1 f4 {LiveBook: 29 Games} 14. g3 e4 15. Nd4 (15. Nh4 {seems wilder.} e3 16. fxe3 fxg3 17. Ng6 g2 18. Rg1) (15. Nh4 e3 16. fxe3 fxg3 17. Ng6 {1-0 (41) Kramnik,V (2769)-Nakamura,H (2775) London 2014}) 15... fxg3 $146 (15... Ne8 $11) ({Predecessor:} 15... f3 16. Bd1 Kh7 17. Bc2 {1-0 (40) Sunilduth Lyna,N (2536)-Hakobyan,H (2136) St Petersburg 2016}) 16. fxg3 $16 Nxd5 (16... Nh7 $16) 17. Nxd5 $18 Bxd4 18. Bxh6 Bg7 (18... Nc6 {might work better.} 19. Bxf8 Qxf8 20. Qg5+ (20. Nxc7 Qg7 $18) 20... Qg7 21. Qxg7+ Bxg7 22. Nxc7 Bxb2) 19. Bg5 ({Weaker is} 19. Bxg7 Kxg7 20. Qe3 Nc6 $16) 19... Qe8 {intending ...Na6.} 20. Qe3 (20. Nxc7 $142 Qe5 21. Nxa8 Qxg3+ 22. Kd1) 20... Qe5 21. Ne7+ Kh7 {[#]} 22. Rd1 $1 $40 {[%cal Rd1d5][%mdl 128] White goes for the king.} c6 $2 (22... Nc6 23. Rd5 Rf3 24. Bxf3 Qxg3+ 25. Qf2 Qxf2+ 26. Kxf2 exf3) 23. Nxc8 Rxc8 24. Bf4 Qxb2 25. Qxe4+ Kh8 26. Bd3 {[%csl Gd3][%cal Re4h7] [#]} Bc3+ 27. Kf1 {[%csl Gd3][%cal Re4h7]} Kg7 28. Qg6+ {Precision: White = 74%, Black = 19%.} 1-0

[Event "Brugse Meesters 2017"]
[Site "Brugge"]
[Date "2017.08.13"]
[Round "2"]
[White "Czebe, Attila"]
[Black "Barzeele, Raf"]
[Result "1-0"]
[WhiteElo "2465"]
[BlackElo "1996"]
[Annotator "TA"]
[PlyCount "113"]
[EventDate "2017.??.??"]
[EventCountry "BEL"]
[SourceTitle "playchess.com"]
[Source "ChessBase"]
[SourceQuality "1"]

{[%evp 13,113,0,-11,-14,-4,0,-18,-29,-4,0,-6,-16,-25,-28,-14,-20,0,0,0,0,0,3,19,11,53,57,77,74,83,80,83,84,84,79,79,79,83,81,79,71,76,87,106,106,194,174,169,145,146,148,228,80,81,74,75,65,66,58,66,55,60,14,14,14,20,20,20,18,20,20,29,15,14,14,20,15,68,63,72,68,78,27,33,3,3,8,189,189,194,194,205,96,104,111,388,396,29974,29976,29974,29977,29977,29977]} 1. e4 c5 2. Nf3 Nc6 3. Bb5 g6 4. O-O Bg7 5. Re1 Nf6 6. c3 O-O 7. e5 Nd5 {LiveBook: 140 Games. B31: Sicilian: 2...Nc6 3 Bb5 g6} 8. Na3 (8. d4 cxd4 9. cxd4 d6 10. Nc3 Nxc3 11. bxc3 Bg4 12. exd6 exd6 13. h3 Bf5 14. Bg5 Qc7 15. Qd2 a6 16. Bf1 Rac8 17. Bh6 Na5 18. Bxg7 Kxg7 19. Qf4 Rce8 {1-0 (29) Novikov,S (2513)-Matlakov,M (2694) Tallinn 2016}) 8... Nc7 $146 ({Predecessor:} 8... a6 9. Bc4 Nb6 10. Bf1 d6 11. exd6 Qxd6 12. Nc4 Nxc4 13. Bxc4 b5 {0-1 (30) Vetharaniam,P (2045)-Bennett,H (2348) ICCF email 2009}) 9. Bf1 d5 {The position is equal.} 10. exd6 exd6 11. d4 cxd4 12. Nxd4 Nxd4 13. cxd4 Be6 14. Bf4 Qd7 15. Nc4 Bxc4 16. Bxc4 d5 17. Bb3 Ne6 18. Be5 Bh6 19. Qf3 Rfd8 20. Bf6 Ng5 21. Bxg5 Bxg5 22. Re5 Bh6 23. Rxd5 Qc7 24. Rc5 $40 {[%mdl 128] White is out for blood.} Qe7 25. Re5 Qc7 26. Rae1 {Re7 is the strong threat.} Rd7 27. g3 Bf8 28. h4 Bb4 (28... Qc6 $16 29. Qe3 Rad8) 29. R1e4 $1 $18 Bd6 30. Rg5 {Hoping for Qf6.} Kg7 31. Kg2 Re7 (31... h6 $16 {was worth a try.}) 32. Rxe7 (32. Reg4 $1 $18 {and the rest is easy.}) 32... Qxe7 $16 33. Rb5 Rb8 34. h5 b6 35. a4 a6 36. Rd5 b5 37. Qe3 Qxe3 38. fxe3 bxa4 39. Bxa4 Rxb2+ $11 {[%mdl 4096] Endgame KRB-KRB} 40. Kf3 Rb6 41. g4 {[%cal Bg3g4,Bg4h5][%mdl 32]} Kf6 42. Bc2 Ke6 43. Ra5 Bb4 44. Re5+ Kd6 ({Black should play} 44... Kf6 $11) 45. Re8 $14 gxh5 46. gxh5 h6 47. e4 ({White should try} 47. Ke4 $16) 47... Bc3 $11 48. e5+ Kd5 49. Rd8+ Kc4 $2 (49... Ke6 $1 $11 {and Black stays safe.}) 50. Ke4 $18 f6 {[#]} 51. Bd3+ $1 Kb4 {[#]} 52. Kf5 (52. Rd6 $1 $18 {[%cal Rd6b6] is more deadly.} f5+ 53. Kxf5 Rxd6 54. exd6) 52... fxe5 $16 53. dxe5 {[%cal Bd4e5,Be5e6,Be6e7][%mdl 32]} Be1 $2 {[%mdl 8192]} (53... Rb7 $16) 54. e6 $18 Bh4 $2 (54... Rb7 $18 55. Rd4+ (55. Bxa6 Rg7 $16) 55... Kc3) 55. Rd4+ {White mates.} Kc3 56. Rxh4 Kxd3 57. e7 {Precision: White = 62%, Black = 47%.} 1-0

[Event "Brugse Meesters 2017"]
[Site "Brugge"]
[Date "2017.08.13"]
[Round "2"]
[White "Beerdsen, Thomas"]
[Black "Kolp, Theo"]
[Result "1-0"]
[WhiteElo "2447"]
[BlackElo "1993"]
[Annotator "TA"]
[PlyCount "85"]
[EventDate "2017.??.??"]
[EventCountry "BEL"]
[SourceTitle "playchess.com"]
[Source "ChessBase"]
[SourceQuality "1"]

{[%evp 22,85,43,35,90,83,126,79,79,81,81,66,66,39,39,39,33,29,39,32,47,47,40,32,32,35,23,31,173,178,135,49,130,20,46,46,46,46,46,46,52,46,52,29,33,33,29,29,34,34,105,133,133,133,194,195,395,395,395,395,395,389,386,333,378,370]} 1. e4 c5 2. Nf3 e6 3. b3 Nc6 4. Bb2 a6 5. c4 d6 6. d4 cxd4 7. Nxd4 Nf6 8. Nc3 Be7 9. g3 O-O 10. Bg2 Qc7 11. O-O Bd7 12. Rc1 Rac8 {A33: Symmetrical English: 2 Nf3 Nf6 3 d4 cxd4 4 Nxd4 e6 5 Nc3 Nc6} (12... Nxd4 $14 13. Qxd4 Rfc8) 13. Nd5 $16 Qd8 $146 ({Predecessor:} 13... exd5 14. cxd5 Qa5 15. dxc6 bxc6 16. Bc3 Qb6 17. Qd2 Rfe8 18. Rfe1 c5 19. Nf5 Bxf5 20. exf5 {1-0 (58) Gritsak,O (2539)-Maciaga,M (2235) Warsaw 2010}) 14. Nxc6 Bxc6 {White is better.} 15. Nxe7+ Qxe7 16. Ba3 Rfd8 17. e5 Ne8 {[%cal Bf6e8,Be8d6,Bd6f7,Bf7e5][%mdl 32]} 18. exd6 Nxd6 19. Bxc6 Rxc6 20. Rc3 Qc7 {[%cal Rd6c4] White must now prevent ...Nxc4.} 21. Rd3 {aiming for c5.} f6 22. Qd2 Nf7 $1 23. Rd1 Rxd3 24. Qxd3 Ne5 (24... Qc8 $14) 25. Qd8+ $1 $18 Qxd8 26. Rxd8+ {[%mdl 4096] Endgame KRB-KRN} Kf7 27. Rb8 (27. f4 $16 Nf3+ 28. Kg2 Ne1+ 29. Kf2) 27... Rc7 28. Bd6 Rd7 29. Bxe5 fxe5 $14 {KR-KR} 30. Kf1 e4 31. Ke2 Kf6 32. c5 Rc7 33. b4 a5 34. a3 {[%cal Ba2a3,Ba3b4,Bb4b5,Bb5b6][%mdl 32]} axb4 35. axb4 Rd7 (35... g6 $14) 36. Rc8 $16 Ke5 {[#]} 37. b5 $1 Kd4 {[#]} (37... g5 $16 38. b6 h6) 38. b6 $1 $18 h6 $2 (38... g5 39. Rc7 Rd5 40. Rxb7 Kxc5 41. Rxh7 Kxb6) 39. Rc7 Rd8 40. Rxb7 {Hoping for c6.} Kxc5 41. Rxg7 Kxb6 42. Rg6 Rd6 43. Ke3 {Precision: White = 73%, Black = 49%.} 1-0

[Event "Brugse Meesters 2017"]
[Site "Brugge"]
[Date "2017.08.13"]
[Round "2"]
[White "Gourlay, Iain"]
[Black "Eijk, Yuri"]
[Result "1-0"]
[WhiteElo "2401"]
[BlackElo "1982"]
[Annotator "TA"]
[PlyCount "43"]
[EventDate "2017.??.??"]
[EventCountry "BEL"]
[SourceTitle "playchess.com"]
[Source "ChessBase"]
[SourceQuality "1"]

{[%evp 13,43,15,30,0,0,0,0,0,0,-20,0,0,46,45,54,43,52,27,212,200,200,206,284,211,252,205,208,206,503,503,491,492]} 1. c4 g6 2. g3 Bg7 3. Bg2 c5 4. Nc3 Nc6 5. a3 Nf6 6. Rb1 a5 7. d3 O-O 8. Nf3 {A36: Symmetrical English vs ...g6: 4 Bg2 Bg7} (8. Bd2 b6 9. b4 axb4 10. axb4 cxb4 11. Nd5 Nxd5 12. cxd5 Nd4 13. Nf3 Nb5 14. Bxb4 Nc3 15. Bxc3 Bxc3+ {0-1 (34) Ramirez,A (2550)-Stukopin,A (2586) Saint Louis 2017}) 8... d5 9. cxd5 Nxd5 10. Bd2 {The position is equal.} e6 11. O-O Re8 $146 ({Predecessor:} 11... Nde7 12. Na4 b6 13. Bc3 Rb8 14. Bxg7 Kxg7 15. Nc3 e5 16. Nd2 Be6 17. Qa4 Nd4 18. Rfc1 Nd5 19. Bxd5 {½-½ (19) Zivkovic,N (2184)-Djukic,Z (2382) Nis 2011}) 12. Bg5 Qb6 13. Nd2 $36 {[%cal Bf3d2,Bd2c4,Bc4d6,Bd6b5,Bb5a7,Ba7c6][%mdl 2080] White is more active.} h6 14. Nc4 Qa6 15. Bd2 ({But not} 15. Nxd5 exd5 16. Nd6 Re6 $15) 15... Nxc3 $2 {[#]} (15... Rd8 $11 {and Black has nothing to worry.}) 16. bxc3 $18 (16. Bxc3 e5 $14) 16... b5 17. Nd6 Re7 18. Nxb5 ({Weaker is} 18. Rxb5 Rd7 $16) 18... Rb8 19. Bxc6 Qxc6 {[#]} 20. Na7 $1 {[%cal Ra7c6][%mdl 512]} Qc7 $2 (20... Rxa7 21. Rxb8 Kh7) 21. Rxb8 Qxb8 22. Nc6 {Precision: White = 55%, Black = 27%.} 1-0

[Event "Brugse Meesters 2017"]
[Site "Brugge"]
[Date "2017.08.13"]
[Round "2"]
[White "Mueller, Martin"]
[Black "Dgebuadze, Alexandre"]
[Result "0-1"]
[WhiteElo "2111"]
[BlackElo "2515"]
[Annotator "TA"]
[PlyCount "95"]
[EventDate "2017.??.??"]
[EventCountry "BEL"]
[SourceTitle "playchess.com"]
[Source "ChessBase"]
[SourceQuality "1"]

{[%evp 19,95,-11,-15,-67,-28,-19,-25,-27,-27,-29,-26,-23,-9,-14,-34,-43,-50,-28,-18,-11,-8,-12,0,0,0,0,0,-2,0,-62,-11,-18,-14,-222,-225,-393,-386,-381,-374,-427,-414,-413,-382,-516,-329,-360,-355,-366,-381,-351,-368,-397,-382,-436,-325,-422,-419,-422,-423,-415,-417,-389,-399,-474,-413,-475,-491,-543,-545,-543,-503,-597,-561,-518,-485,-623,-622,-620]} 1. e4 e6 2. d4 d5 3. exd5 exd5 4. c4 Nf6 5. Nc3 Bb4 6. Bd3 Nc6 {C01: French: Exchange Variation} 7. Nge2 dxc4 8. Bxc4 O-O 9. O-O Bf5 10. a3 Bd6 {LiveBook: 3 Games} 11. Nf4 $146 (11. Be3 $11) ({Find the theoretical novelty and annotate with similar games:} 11. f3 h6 12. Be3 Re8 13. Qd2 Na5 14. Ba2 {½-½ (62) Rakhmanov,A (2636)-Khotenashvili,B (2504) Doha 2014}) 11... Bxf4 12. Bxf4 Nxd4 13. Bxc7 Qxc7 14. Qxd4 Rad8 15. Qh4 $1 Qb6 16. b3 Bd3 17. Na4 Qa5 18. Rfc1 b6 19. Nb2 Be4 20. Qf4 h6 21. b4 Qh5 22. Re1 Qg6 $40 {[%csl Ge4][%cal Rg6g2][%mdl 128] [#] Black has some attack.} 23. f3 Ba8 24. Re2 (24. Rad1 $11) 24... Nh5 (24... b5 $15 25. Bb3 (25. Bxb5 Nd5 $17) 25... Nh5) 25. Qe3 $1 $11 Qf6 26. Qe5 $2 (26. Rd1 $11) 26... Nf4 $19 {And now ...Rd2! would win.} 27. Re3 $2 {[#]} (27. Qxf6 {was necessary.} Nxe2+ 28. Bxe2 gxf6 29. Ba6) 27... Qxe5 $1 28. Rxe5 Rd2 $1 {[%csl LRb2,LRg2]} 29. Nd1 Rxg2+ 30. Kf1 Rxh2 31. Nf2 Nh3 32. Ra2 Bxf3 33. Nxh3 Rxh3 34. Re7 a5 35. bxa5 bxa5 36. Rd2 Rh1+ 37. Kf2 Rh2+ 38. Ke3 Rxd2 39. Kxd2 {[%mdl 4096] Endgame KRB-KRB} Rd8+ 40. Ke3 Bd5 41. Bd3 Bb3 42. Ra7 a4 {Black is clearly winning.} 43. Bb5 g5 44. Bd7 Kg7 45. Bf5 Rd6 46. Bg4 Rf6 47. Bh5 Rf1 48. Kd4 {Precision: White = 31%, Black = 62%.} 0-1

[Event "Brugse Meesters 2017"]
[Site "Brugge"]
[Date "2017.08.13"]
[Round "2"]
[White "Mullink, Jochem"]
[Black "Van Foreest, Lucas"]
[Result "0-1"]
[WhiteElo "2002"]
[BlackElo "2467"]
[Annotator "TA"]
[PlyCount "92"]
[EventDate "2017.??.??"]
[EventCountry "BEL"]
[SourceTitle "playchess.com"]
[Source "ChessBase"]
[SourceQuality "1"]

{[%evp 29,92,65,46,41,78,83,88,57,120,116,108,95,120,94,91,99,150,66,78,66,94,90,255,254,244,241,203,192,193,172,185,127,133,122,127,128,118,118,104,-12,0,0,0,-478,-470,-971,-1049,-1049,-960,-922,-914,-904,-820,-1104,-1089,-1604,-1564,-1294,-823,-1356,-1071,-29992,-29993,-29994,-29990]} 1. e4 e5 2. Nf3 Nc6 3. Bb5 a6 4. Ba4 Nf6 5. O-O Be7 6. Re1 b5 7. Bb3 d6 8. c3 O-O 9. h3 Na5 10. Bc2 c5 11. d4 Qc7 12. Nbd2 Be6 13. d5 Bd7 14. b3 {C97: Closed Ruy Lopez: Chigorin Defence: 11 d4 Qc7, sidelines} (14. Nf1 Nc4 15. b3 Nb6 16. a4 c4 17. Ba3 cxb3 18. Bxb3 bxa4 19. Ba2 Be8 20. Nxe5 Qxc3 21. Nc6 Bxc6 {1-0 (36) Motylev,A (2665)-Hansen,S (2571) Jerusalem 2015}) 14... c4 15. b4 Nb7 {LiveBook: 12 Games} 16. a4 {White is slightly better.} a5 17. axb5 Bxb5 $146 ({Predecessor:} 17... axb4 18. Rxa8 Rxa8 19. cxb4 Bxb5 20. Nb1 Be8 21. Re3 Nd7 {1-0 (47) Iwanow,A (2097)-Plischki,S (2347) Marianske Lazne 2011}) 18. Nb1 Qd7 (18... Bd7 $14) 19. Be3 $16 Rfc8 20. Nfd2 Bd8 21. Na3 axb4 22. cxb4 c3 {[#]} (22... g6 $142) 23. Nb3 (23. Nf1 $1 $16) 23... g6 24. Qf3 Ne8 25. Nxb5 Rxa1 $2 (25... Qxb5 $16 26. Reb1 Rxa1 27. Nxa1 (27. Rxa1 Qxb4 28. Qg4 f5 $14) 27... Bb6) 26. Rxa1 $18 ({Weaker is} 26. Nxa1 Qxb5 27. Rb1 Bb6 $14) 26... Qxb5 {[#]} 27. Nc1 $1 {Threatens to win with Ba4.} Ng7 28. Bd3 Qd7 29. Ra7 f5 {If Black can now play ...f4 this consolidates a bit.} 30. Ba6 (30. g3 $18) 30... Rb8 $16 31. g3 fxe4 32. Qxe4 {Ne2 is the strong threat.} Nf5 33. Kg2 Qf7 34. Bxb7 ({White should play} 34. h4 $16) 34... Nxe3+ 35. fxe3 Bb6 36. Ra3 $2 {[%mdl 8192]} (36. Ra8 $1 $11 {and White is okay.} Qxb7 37. Rxb8+ Qxb8 38. Ne2) 36... Rf8 $19 37. Nd3 (37. Ra2 $142 Qf1+ 38. Kh2 Qxc1 39. Ba6) 37... Qf1+ ({Stronger than} 37... Qxb7 38. Rxc3 Qa8 39. Rc2 $11) 38. Kh2 Qe2+ 39. Qg2 Qxd3 40. Ra2 Qxe3 {( -> ...Rf2)} 41. Bc6 Qd3 42. Re2 Qd1 {Hoping for ...Bg1+!} 43. h4 h5 44. Bd7 Kg7 45. g4 {[#]} Bg1+ $1 {[%mdl 512]} 46. Kh1 (46. Qxg1 Qxe2+) 46... Bf2+ {Precision: White = 51%, Black = 53%.} 0-1

[Event "Brugse Meesters 2017"]
[Site "Brugge"]
[Date "2017.08.13"]
[Round "2"]
[White "Mameli, Gianluca"]
[Black "Geirnaert, Steven"]
[Result "0-1"]
[WhiteElo "1995"]
[BlackElo "2454"]
[Annotator "TA"]
[PlyCount "38"]
[EventDate "2017.??.??"]
[EventCountry "BEL"]
[SourceTitle "playchess.com"]
[Source "ChessBase"]
[SourceQuality "1"]

{[%evp 9,38,39,52,11,31,-1,0,-3,0,0,3,0,4,-54,-43,-102,-112,-249,-272,-246,-252,-616,-641,-591,-606,-664,-271,-952,-933,-1092,-1129]} 1. e4 d6 2. d4 Nf6 3. Bd3 g6 4. Ne2 c5 5. c3 Nc6 {LiveBook: 32 Games} 6. a3 {B07: Pirc Defence: Miscellaneous Systems} (6. O-O Bg7 7. d5 Nb8 8. f4 O-O 9. c4 b5 10. cxb5 a6 11. Nbc3 c4 12. Bxc4 axb5 13. Bxb5 Qb6+ 14. Qd4 Qxd4+ 15. Nxd4 Nxe4 {½-½ (46) Gorbatov,A (2363)-Salem,A (2528) Golden Sands 2012}) 6... Bg7 7. b4 O-O 8. Bb2 $146 {[#]The position is equal.} ({Predecessor:} 8. Nd2 cxd4 9. cxd4 Ng4 10. Nb3 Bd7 11. h3 Nf6 12. Be3 e6 13. O-O Ne7 {½-½ (57) Wiemer,J (2011)-Bernhoeft,E (1825) Berlin 2010}) 8... c4 $1 {[%mdl 512]} 9. Bc2 (9. Bxc4 Nxe4) 9... d5 10. e5 Nh5 11. O-O ({White should play} 11. h3 $11) 11... f6 $36 {[%mdl 2048] Black has some pressure.} 12. f4 ({White should try} 12. b5 $15 Qb6 13. bxc6 Qxb2 14. Nd2) 12... Bg4 $17 {And now ...Bh6 would win.} 13. Bc1 (13. Nd2 $17) 13... fxe5 $19 14. fxe5 Qb6 {Hoping for ...Bxe2.} 15. Kh1 $2 (15. Be3) 15... Rxf1+ 16. Qxf1 Rf8 17. Qe1 {[#]} Nxe5 $1 {[%mdl 512]} 18. Be3 $2 {[#]} (18. Ng1 Nd3 19. Bxd3 cxd3 20. Be3) (18. dxe5 Qf2) 18... Nf3 $1 {[%mdl 512]} 19. Qd1 (19. gxf3 Bxf3+) 19... Qe6 {Precision: White =  9%, Black = 84%.} 0-1

[Event "Brugse Meesters 2017"]
[Site "Brugge"]
[Date "2017.08.13"]
[Round "2"]
[White "Van de Wynkele, Rudy"]
[Black "Varga, Zoltan"]
[Result "0-1"]
[WhiteElo "1991"]
[BlackElo "2434"]
[Annotator "TA"]
[PlyCount "44"]
[EventDate "2017.??.??"]
[EventCountry "BEL"]
[SourceTitle "playchess.com"]
[Source "ChessBase"]
[SourceQuality "1"]

{[%evp 9,44,-14,-14,-14,-14,-16,-10,-14,-12,-26,-18,-26,-18,-23,-28,-36,-4,-11,0,-102,-86,-90,-83,-164,-145,-182,-183,-191,-179,-278,-282,-291,-279,-300,-296,-344,-320]} 1. e4 Nf6 2. e5 Nd5 3. d4 d6 4. Be2 dxe5 5. dxe5 Nc6 6. Nf3 {B03: Alekhine's Defence: Four Pawns Attack} Bf5 (6... Bg4 7. c3 e6 8. O-O Nb6 9. Nbd2 Be7 10. Bb5 O-O 11. Bxc6 bxc6 12. Qe2 Qd5 13. b3 Bg5 14. c4 Qa5 {½-½ (41) Jones,G (2524)-Baburin,A (2545) Sunningdale 2007}) 7. c3 a6 8. O-O {The position is equal.} e6 9. Re1 $146 ({Predecessor:} 9. a4 Bc5 {0-1 (9) Pease,R-Bacon,J USA 1994}) 9... Be7 10. h3 O-O 11. Bf1 Bg6 12. a4 Nb6 {[%cal Bd5b6,Bb6c8,Bc8a7,Ba7c6,Bc6a5][%mdl 32]} 13. Nbd2 Qd5 $36 {[%mdl 2048] Black fights for an advantage.} 14. c4 (14. b4 $11 {keeps the balance.}) 14... Qd7 15. a5 Nc8 16. b3 (16. Qa4 $17 {keeps fighting.}) 16... Nb4 17. Nb1 Rd8 18. Qxd7 Rxd7 19. Na3 (19. Re2 $142) 19... Na7 $19 {Black has a decisive advantage.} 20. Bd2 Rad8 21. Bc3 Nac6 22. Rec1 Nxa5 {Precision: White = 52%, Black = 89%.} 0-1

[Event "Brugse Meesters 2017"]
[Site "Brugge"]
[Date "2017.08.13"]
[Round "2"]
[White "Marinc, Damir"]
[Black "Lai, Hing Ting"]
[Result "0-1"]
[WhiteElo "1982"]
[BlackElo "2388"]
[Annotator "TA"]
[PlyCount "96"]
[EventDate "2017.??.??"]
[EventCountry "BEL"]
[SourceTitle "playchess.com"]
[Source "ChessBase"]
[SourceQuality "1"]

{[%evp 11,96,6,34,-24,23,-17,17,7,25,13,32,16,52,40,43,54,60,35,37,21,26,0,25,0,6,1,55,24,33,41,35,28,39,6,23,24,47,41,44,53,78,77,66,0,67,31,33,22,32,14,118,0,0,0,0,0,0,0,0,0,0,-27,-22,-14,0,0,108,77,133,127,212,183,521,512,496,318,314,300,293,0,0,-29996,-29997,-29997,-29998,-29998,-29997]} 1. d4 e6 2. e4 d5 3. exd5 exd5 4. Bd3 Bd6 5. Ne2 Nc6 6. c3 Qf6 {LiveBook: 20 Games} 7. Be3 {C01: French: Exchange Variation} (7. Ng3 $14) (7. Na3 Bxa3 8. bxa3 Bf5 9. O-O Bxd3 10. Qxd3 Nge7 11. Rb1 b6 12. Bf4 Rc8 13. Qg3 Nf5 14. Qf3 Nce7 {0-1 (25) Kavcic,Z (2315)-Naumann,A (2545) Austria 2015}) 7... h6 8. Qd2 Nge7 9. Bf4 {The position is equal.} g5 $146 ({Predecessor:} 9... Bf5 10. Bxd6 Qxd6 11. Na3 a6 12. Nc2 Bxd3 13. Qxd3 Qg6 14. Qxg6 Nxg6 {½-½ (32) Shmirina,E (2176)-Horvath,M (2087) Steinbrunn 2005}) 10. Bxd6 Qxd6 11. Na3 Be6 12. h4 Rg8 13. hxg5 hxg5 14. Nb5 Qd7 15. O-O-O O-O-O 16. Rh5 f6 17. Rh7 a6 18. Na3 Qd6 ({Black should play} 18... Bf5 $11 19. Rh6 Bxd3 20. Qxd3 Rdf8) 19. Nc2 Ng6 20. g3 Nce7 21. Re1 Kb8 22. Kb1 Rde8 23. Nc1 Nf8 24. Rh6 Nd7 25. Nb3 Nf5 26. Rh7 Ng7 27. Rh6 ({White should try} 27. Qd1 $14) 27... Qf8 (27... Nf5 $11 28. Rhh1 Rh8) 28. Rhh1 Qf7 29. Ne3 f5 30. Nc2 Nh5 {[#]} (30... f4 $11 {remains equal.}) 31. Qe2 ({White has to play} 31. Bxa6 $1 $16 {Hoping for Na5.} f4 32. Bd3) 31... Ndf6 $1 $11 32. Bxa6 Bd7 33. Qd3 {Strongly threatening Bxb7!} bxa6 34. Qxa6 {Intending Na5 and mate.} Re6 35. Qa5 {And now Rxe6 would win.} Ne4 36. Rxe4 fxe4 37. Nc5 Rb6 {[#] aiming for ...Bb5.} 38. Rxh5 $1 {[%mdl 512]} Bb5 (38... Bc8 $11 {keeps the balance.} 39. Rh1 Qxf2) (38... Qxh5 39. Nxd7+) 39. Rh2 $16 Bd3 {[#]} (39... Qf3 $142 40. Ne3 Qe2) 40. Kc1 $1 Rd8 (40... Bxc2 $16 41. Kxc2 Qf5) 41. Nb4 Qf6 $2 (41... g4 42. Na4 (42. Ncxd3 exd3 43. Nxd3 Qg6 $16) 42... Rf6) 42. Rh7 $18 {Nba6+! would kill now.} Qd6 43. Nbxd3 exd3 44. Rf7 g4 {( -> ...Qh6+)} 45. a3 $2 ({Much less strong is} 45. Nxd3 $6 Qh6+ 46. Rf4 Qh7 $18) (45. Kd1 $18) 45... Qh6+ $40 {[%mdl 128] White needs to defend precisely.} 46. Kd1 $2 {[%mdl 8192]} (46. Kb1 $11 Qc6 47. Rg7 (47. Nd7+ Qxd7 48. Rxd7 Rxd7 $11)) 46... Qh1+ {Black mates.} 47. Kd2 Rxb2+ 48. Ke3 Re8+ {Precision: White = 39%, Black = 39%.} 0-1